Statistics
Kaydedildi:
| Asıl Yazarlar: | , , |
|---|---|
| Materyal Türü: | Kitap |
| Dil: | İngilizce |
| Baskı/Yayın Bilgisi: |
Nueva York
W. W. Norton and Company
1980
|
| Edisyon: | 1a. ed |
| Konular: | |
| Etiketler: |
Etiketle
Etiket eklenmemiş, İlk siz ekleyin!
|
MARC
| LEADER | 00000cam a2200000 a 4500 | ||
|---|---|---|---|
| 001 | UCE9503 | ||
| 003 | CL-VaPUC | ||
| 008 | 151022e19800000us |||||||||||||||||eng|d | ||
| 020 | |a 0393090760 | ||
| 082 | 0 | 4 | |a 519.5 |b FRE |2 21 |
| 100 | 0 | |a Freedman, David |e author |9 582350 | |
| 700 | 0 | |a Pisani, Robert |e author |9 582351 | |
| 700 | 0 | |a Purves, Roger |e author |9 582352 | |
| 245 | 1 | 0 | |a Statistics |
| 250 | |a 1a. ed | ||
| 300 | |a 506 p | ||
| 942 | |c BK | ||
| 945 | |d 20151022 17:18:00 |a arojas | ||
| 260 | |a Nueva York |b W. W. Norton and Company |c 1980 | ||
| 650 | 0 | |a Estadística |9 259535 | |
| 650 | 0 | |a Estadística matemática |9 260028 | |
| 650 | 0 | |a Teoría de probabilidades |9 336944 | |
| 650 | 0 | |a Modelos matemáticos |9 259437 | |
| 583 | |a last modification |c 20151022 17:18:00 |k Rodrigo Vera | ||
| 999 | |c 361167 |d 361165 | ||
| 952 | |0 0 |1 0 |3 erd |4 0 |6 519_500000000000000_FRE_1980 |7 0 |8 A |9 471528 |a BIBGIM |b BIBGIM |i 520710K |o 519.5 FRE 1980 |p 520710K |r 2025-01-15 |w 2019-11-24 |y BK |z Catalogado en:20151022 |k EST | ||